000 00470nam a2200181Ia 4500
003 LK-CoDNM
005 20240827120910.0
008 010623t1935 xxu||||| |||| 00| 1 eng d
040 _aLK-CoDNM
_dLK-CoDNM
_eLK-CoDNM
041 _aeng
080 _a22
_bO22
100 _aSaletore,B.A
245 _aThe Wild Tribes In Indian History
260 _bPanjab Sanskrit Book Department
_aLahore
_c1935
300 _b178P. : 21 cm
650 _aIndian History
942 _cBK
999 _c97707
_d97707